Statistics for Travis Scott Albums

Click here to take the quiz!

General Stats

  • This quiz has been taken 148 times
  • The average score is 7 of 13

Answer Stats

YearAnswer% Correct
2018Astroworld
99%
2015Rodeo
98%
2023Utopia
97%
2014Days Before Rodeo
81%
2016Birds in the Trap Sing McKnight
75%
2019Jackboys
75%
2017Huncho Jack, Jack Huncho
50%
2013Owl Pharaoh
44%
2011The Classmates
17%
2011Cruis'n USA
13%
2008The Graduates
13%
2010Buddy Rich
9%
2009B.A.P.E Mixtape
6%

Score Distribution

Percentile by Number Answered

Percent of People with Each Score

Your Score History

You have not taken this quiz